Reconnais et nomme ces artistes francophones VOL9 - Statistiques

Statistiques générales
  • Ce quiz a été pris 48 fois
  • Le résultat moyen est 10 sur 16
Statistiques - réponses
Par images Réponse % Correct
Céline Dion
98%
Johnny Hallyday
91%
Coeur de pirate
86%
Carla Bruni
79%
Bénabar
72%
Lomepal
70%
NTM
70%
Booba
67%
Alizée
63%
Louise Attaque
56%
Chimène Badi
53%
Gazo
49%
2Be3
40%
Charles Trenet
30%
Disiz
23%
Solann
16%
Aucun quiz correspondant
Distribution des résultats
% des personnes avec chaque résultat
Percentile par nombre de réponses
Votre historique - résultats
Vous n’avez pas pris ce quiz